Social co-operation in Italy (Record no. 30013)

000 -LEADER
fixed length control field 00391pab a2200157 454500
008 - FIXED-LENGTH DATA ELEMENTS--GENERAL INFORMATION
fixed length control field 180718b1995 xxu||||| |||| 00| 0 eng d
100 ## - MAIN ENTRY--PERSONAL NAME
Personal name Borzaga, Carlo
245 ## - TITLE STATEMENT
Title Social co-operation in Italy
260 ## - PUBLICATION, DISTRIBUTION, ETC.
Date of publication, distribution, etc. 1995
300 ## - PHYSICAL DESCRIPTION
Extent p.47-50
650 ## - SUBJECT ADDED ENTRY--TOPICAL TERM
Topical term or geographic name entry element Cooperative societies - Italy
650 ## - SUBJECT ADDED ENTRY--TOPICAL TERM
Topical term or geographic name entry element Cooperation - Italy
700 ## - ADDED ENTRY--PERSONAL NAME
Personal name Lepri, Stefano
773 ## - HOST ITEM ENTRY
Main entry heading Development
909 ## -
-- 30013
Holdings
Withdrawn status Lost status Damaged status Not for loan Permanent Location Current Location Date acquired Serial Enumeration / chronology Barcode Date last seen Price effective from Koha item type
        Indian Institute of Public Administration Indian Institute of Public Administration 2018-07-19 Issue no: (3) AR30156 2018-07-19 2018-07-19 Articles

Powered by Koha